Europejskie państwa po wskazówkach #3 - Statystyki

Ogólne statystyki
  • Ten quiz został rozwiązany 52 razy
  • Średni wynik to 11 z 14
Statystyki odpowiedzi
Hint Odpowiedź % Poprawnych
LEGO, Andersen, Carlsberg Dania
100%
Marie Curie, Wisła, pierogi Polska
100%
Bajkał, Syberia, matrioszka Rosja
98%
gulasz, forint, czardasz Węgry
91%
Formuła 1, brak lotniska, kasyno Monako
87%
Złote Piaski, Morze Czarne, kawyrma Bułgaria
85%
most Karola, piwo, narty Czechy
85%
Maribor, Melania Trump, Adriatyk Słowenia
85%
enklawa, najstarsza istniejąca republika, Carcere dei Cappuccini San Marino
78%
Lokše, Gerlach, Havránok Słowacja
72%
najwyżej położna stolica, brak lotniska, narty Andora
59%
Skype, Vohandu, 1500 wysp Estonia
52%
darmowy transport, banki, monarchia konstytucyjna Luksemburg
52%
Zatoka Kotorska, Kanion Tary, Sveti Stefan Czarnogóra
46%
Nie znaleziono quizów pasujących do podanych kryteriów
Rozkład punktacji
Procent ludzi z każdym wynikiem
Percentyl według liczby udzielonych odpowiedzi
Twoja historia wyników
Nie rozwiązałeś tego quizu